Evaluación de la efectividad de distintos desinfectantes oxidantes en el lavado industrial de melón mediante el control del Potencial de Oxidación Reducción en la pila.
Збережено в:
| Автор: | |
|---|---|
| Інші автори: | |
| Формат: | Книга |
| Мова: | Spanish |
| Опубліковано: |
San José, Costa Rica
2019
|
| Предмети: | |
| Теги: |
Додати тег
Немає тегів, Будьте першим, хто поставить тег для цього запису!
|
MARC
| LEADER | 00000nam a22000007a 4500 | ||
|---|---|---|---|
| 003 | 013006 | ||
| 005 | 20230524153140.0 | ||
| 008 | 190403b2019 c a|||| |m|| 00| ||spa d | ||
| 040 | |c cru CEDI | ||
| 100 | |9 16291 |a González Sánchez, Álvaro E. | ||
| 245 | |a Evaluación de la efectividad de distintos desinfectantes oxidantes en el lavado industrial de melón mediante el control del Potencial de Oxidación Reducción en la pila. | ||
| 260 | |a San José, Costa Rica |c 2019 | ||
| 500 | |a Proyecto de graduación(licenciatura en ingeniería química)--Universidad de Costa Rica. Facultad de Ingeniería. Escuela de Ingeniería Química | ||
| 501 | |a Directora de Proyecto de Graduación: Ing. Bárbara Miranda Morales, PhD | ||
| 650 | |x DESINFECCION Y DESINFECTANTES - COSTO-EFECTIVIDAD - EVALUACION |x REACCION DE OXIDACION - REDUCCION |x MELONES - INDUSTRIA Y COMERCIO - DESINFECCION - GUANACASTE (COSTA RICA) |x DISOLVENTES - PRUEBAS | ||
| 700 | |9 24 |a Miranda Morales, Bárbara Cristina, 1983- |d Directora del TFG | ||
| 942 | |c CEDI |h TFG 8156 |6 TFG_8156_000000000000000 | ||
| 999 | |c 21646 |d 21646 | ||
